V akci Interbrig III. /
Děj knihy V akci Interbrig III. posunuje čtenáře do časově poněkud vzdálenějšího období po „Sametové revoluci“. Je již téměř završena nemravná kumulace kapitálu poměrně malou skupinou vyvolených a ruku v ruce s tímhle transferem majetku jsou ve společnosti pokrucovány a pošlapávány mravní hodnoty....
Uloženo v:
| Série: | V akci Interbrig,
část 3 |
|---|---|
| Hlavní autor: | |
| Médium: | E-kniha |
| Jazyk: | Czech |
| Vydáno: |
Praha :
E-knihy jedou,
2019
|
| Příbuzné jednotky: | Z cyklu::
V akci Interbrig |
| Tagy: |
Žádné tagy |
| LEADER | 01348nam a22002417i 4500 | ||
|---|---|---|---|
| 001 | 311122 | ||
| 007 | ta | ||
| 008 | 260601s2019 xr ||||| |||| 00| 0 cze d | ||
| 020 | |a 9990002030260 | ||
| 044 | |a xr | ||
| 100 | 1 | |a Kocian, Jiljí |4 aut | |
| 245 | 1 | 0 | |a V akci Interbrig III. / |c Kocian, Jiljí |
| 264 | 1 | |a Praha : |b E-knihy jedou, |c 2019 | |
| 300 | |a 1 online zdroj (199 stran) | ||
| 336 | |a text |b txt |2 rdacontent | ||
| 337 | |a bez média |b n |2 rdamedia | ||
| 338 | |a online zdroj |b cr |2 rdacarrier | ||
| 520 | 2 | |a Děj knihy V akci Interbrig III. posunuje čtenáře do časově poněkud vzdálenějšího období po „Sametové revoluci“. Je již téměř završena nemravná kumulace kapitálu poměrně malou skupinou vyvolených a ruku v ruce s tímhle transferem majetku jsou ve společnosti pokrucovány a pošlapávány mravní hodnoty. | |
| 787 | 0 | 8 | |g 3 |i Z cyklu: |t V akci Interbrig |
| 910 | |a RBIT002 | ||
| 998 | |d 203026 |a https://core.palmknihy.cz/api/books/203026/cover?q2en36 |b https://core.palmknihy.cz/api/books/203026/cover/400?q2en36 |c https://core.palmknihy.cz/api/books/203026/cover/50?q2en36 |e |g 199 |i 9990002030260 |j https://core.palmknihy.cz/api/books/203026/preview.epub |k https://core.palmknihy.cz/api/books/203026/preview.pdf |l |q 49 |r 1 |s https://www.palmknihy.cz/kniha/203026 |t ebook |y 2019 |z 1 |v V akci Interbrig |w 3 | ||
| 999 | |d 311120 | ||